[Event "Hessen Senioren-ch 2012  8th"]
[Site "Bad Sooden-Adf. (14.4.-22.4)"]
[Date "2012.04.22"]
[Round "9.40"]
[White "Just, Joachim"]
[Black "Willms, Willi"]
[Result "1/2-1/2"]
[WhiteElo "1881"]
[BlackElo "1695"]
[PlyCount "81"]
[EventDate "2012.04.??"]
[EventType "swiss"]
[EventRounds "9"]
[EventCountry "GER"]
[WhiteTeam "Zeitz Motor SV"]
[BlackTeam "Rheydter SV"]

1. g3 g6 2. f4 d5 3. Nf3 c5 4. Bg2 Bg7 5. O-O Nf6 6. d3 O-O 7. c3 Nc6 8. Na3 a6
9. Kh1 Re8 10. Be3 b6 11. Nh4 e6 12. Bg1 Ra7 13. Nc2 Rd7 14. e3 Qc7 15. Qe2
Red8 16. Rad1 e5 17. f5 Re7 18. e4 d4 19. cxd4 exd4 20. Qd2 Rde8 21. Bh3 Ne5
22. Ne1 Bb7 23. Bg2 Neg4 24. Qf4 Qd7 25. h3 Bh6 26. Qf3 Ne5 27. Qe2 Bg7 28. g4
g5 29. Nhf3 Nxf3 30. Nxf3 h6 31. Qd2 Bxe4 32. dxe4 Nxe4 33. Qe1 Nc3 34. Qg3
Nxd1 35. Rxd1 Re2 36. Rd2 d3 37. Bf1 Rxd2 38. Nxd2 Bxb2 39. Qf3 Rd8 40. Bg2 Be5
41. Be3 1/2-1/2

[Event "Hessen Senioren-ch 2012  8th"]
[Site "Bad Sooden-Adf. (14.4.-22.4)"]
[Date "2012.04.22"]
[Round "9.42"]
[White "Kienel, Norbert"]
[Black "Tuertmann, Dieter"]
[Result "0-1"]
[WhiteElo "1696"]
[BlackElo "1806"]
[PlyCount "80"]
[EventDate "2012.04.??"]
[EventType "swiss"]
[EventRounds "9"]
[EventCountry "GER"]
[WhiteTeam "Osnabrück SV"]
[BlackTeam "Eberswalde 1949 ESV"]

1. d4 Nf6 2. c4 g6 3. Nc3 Bg7 4. e4 d6 5. Nf3 Nbd7 6. h3 O-O 7. Be3 c6 8. Qd2
Qa5 9. Be2 Re8 10. a3 c5 11. O-O cxd4 12. Bxd4 Qc7 13. Rac1 b6 14. Nd5 Qd8 15.
Qe3 Bb7 16. b3 Rc8 17. Bb2 Nc5 18. Nd2 Nxd5 19. cxd5 Bxb2 20. Rc2 Bg7 21. Bb5
Rf8 22. Rfc1 Nd7 23. f4 Rxc2 24. Rxc2 f5 25. g4 fxe4 26. Qxe4 Nc5 27. Qf3 e5
28. f5 gxf5 29. gxf5 Qg5+ 30. Kh2 Rxf5 31. Qg3 Qxg3+ 32. Kxg3 Bxd5 33. b4 Ne4+
34. Nxe4 Bxe4 35. Rc8+ Rf8 36. Rc7 a5 37. bxa5 bxa5 38. Ra7 Kh8 39. Rxa5 Ra8
40. Rxa8+ Bxa8 0-1

[Event "Hessen Senioren-ch 2012  8th"]
[Site "Bad Sooden-Adf. (14.4.-22.4)"]
[Date "2012.04.22"]
[Round "9.43"]
[White "Hoellger, Herbert"]
[Black "Geisler, Reinhard"]
[Result "1-0"]
[WhiteElo "1841"]
[BlackElo "1709"]
[PlyCount "87"]
[EventDate "2012.04.??"]
[EventType "swiss"]
[EventRounds "9"]
[EventCountry "GER"]
[WhiteTeam "Bad Hersfeld SK"]
[BlackTeam "Werther 1949 SK"]

1. d4 d5 2. Nf3 Nf6 3. e3 c5 4. Be2 e6 5. O-O Nc6 6. b3 Bd6 7. Bb2 O-O 8. Ne5
cxd4 9. exd4 Qe7 10. a3 Ne4 11. Nf3 b6 12. Nbd2 f5 13. c4 Qf6 14. b4 g5 15. c5
Bb8 16. b5 Na5 17. Qc2 g4 18. Nxe4 fxe4 19. Ne5 h5 20. c6 Bc7 21. f3 exf3 22.
gxf3 g3 23. hxg3 Bxe5 24. dxe5 Qg5 25. Kg2 a6 26. f4 Qg7 27. Rh1 Rf5 28. Bd3
Nc4 29. Bc1 Qg6 30. Bxf5 exf5 31. Qe2 Ra7 32. Rxh5 Rg7 33. Rg5 Qh6 34. Rxg7+
Kxg7 35. a4 a5 36. Ba3 Nxa3 37. Rxa3 Be6 38. Rd3 Kf8 39. Qd1 Qg7 40. Rxd5 Bxd5+
41. Qxd5 Qg4 42. Qd8+ Kf7 43. Qd3 Ke6 44. Qd7# 1-0

[Event "Hessen Senioren-ch 2012  8th"]
[Site "Bad Sooden-Adf. (14.4.-22.4)"]
[Date "2012.04.22"]
[Round "9.44"]
[White "Nietsch, Horst"]
[Black "Mayeres, Hans-Christian"]
[Result "1/2-1/2"]
[WhiteElo "1831"]
[BlackElo "1663"]
[PlyCount "28"]
[EventDate "2012.04.??"]
[EventType "swiss"]
[EventRounds "9"]
[EventCountry "GER"]
[WhiteTeam "Berlin Weißensee 49 SG"]
[BlackTeam "Recklinghausen 06 SK"]

1. e4 g6 2. d4 Bg7 3. Nf3 d6 4. Nc3 Nf6 5. Be2 O-O 6. O-O Bg4 7. h3 Bxf3 8.
Bxf3 Nc6 9. Be3 Nd7 10. Ne2 e5 11. c3 Kh8 12. d5 Ne7 13. Ng3 f5 14. exf5 Nxf5
1/2-1/2

[Event "Hessen Senioren-ch 2012  8th"]
[Site "Bad Sooden-Adf. (14.4.-22.4)"]
[Date "2012.04.22"]
[Round "9.45"]
[White "Josting, Friedel"]
[Black "Kopp, Peter Dr(46)"]
[Result "0-1"]
[WhiteElo "1785"]
[BlackElo "1955"]
[PlyCount "80"]
[EventDate "2012.04.??"]
[EventType "swiss"]
[EventRounds "9"]
[EventCountry "GER"]
[WhiteTeam "Bünde 1945 SG"]
[BlackTeam "Hofheim 1920 SV"]

1. d4 Nf6 2. Bf4 g6 3. e3 Bg7 4. Nf3 d6 5. Nbd2 O-O 6. h3 Nbd7 7. Bc4 c5 8. c3
a6 9. a4 b6 10. O-O Bb7 11. Qe2 d5 12. Bb3 Ne4 13. Nxe4 dxe4 14. Ne5 Nxe5 15.
dxe5 e6 16. Rad1 Qc7 17. Rd6 Rfd8 18. Rfd1 Bf8 19. R6d2 Be7 20. Bc4 Bc6 21. b3
Rxd2 22. Rxd2 Qb7 23. Bh6 b5 24. axb5 axb5 25. Qd1 bxc4 26. bxc4 Qc7 27. Rb2
Qxe5 28. Qb1 Qc7 29. Rb6 e5 30. Rb2 f6 31. h4 Bd6 32. Qd1 Be7 33. Qg4 Qd7 34.
Qe2 Rd8 35. Kh2 Qd1 36. Qxd1 Rxd1 37. Rb8+ Rd8 38. Rb6 Bd7 39. g4 Bxg4 40. Kg3
Bd7 0-1

[Event "Hessen Senioren-ch 2012  8th"]
[Site "Bad Sooden-Adf. (14.4.-22.4)"]
[Date "2012.04.22"]
[Round "9.46"]
[White "Huhn, Ulrich"]
[Black "Gelzinnus, Siegfried"]
[Result "1/2-1/2"]
[WhiteElo "1789"]
[BlackElo "1615"]
[PlyCount "39"]
[EventDate "2012.04.??"]
[EventType "swiss"]
[EventRounds "9"]
[EventCountry "GER"]
[WhiteTeam "Berlin Siemensstadt SF"]
[BlackTeam "Wetzlar Anderssen Sfr."]

1. d4 f5 2. e4 fxe4 3. Nc3 Nf6 4. Bg5 Nc6 5. d5 Ne5 6. Qd4 d6 7. Bxf6 exf6 8.
Qxe4 f5 9. Bb5+ Bd7 10. Bxd7+ Qxd7 11. Qe2 Be7 12. Qb5 Qxb5 13. Nxb5 Kd7 14.
Nd4 g6 15. Ngf3 Nxf3+ 16. Nxf3 Bf6 17. O-O-O Rae8 18. Rhe1 Rxe1 19. Rxe1 Re8
20. Rxe8 1/2-1/2

[Event "Hessen Senioren-ch 2012  8th"]
[Site "Bad Sooden-Adf. (14.4.-22.4)"]
[Date "2012.04.22"]
[Round "9.47"]
[White "Grasmeyer, Klaus-Peter"]
[Black "Johannsen, Ingbert"]
[Result "1/2-1/2"]
[WhiteElo "1693"]
[BlackElo "1800"]
[PlyCount "120"]
[EventDate "2012.04.??"]
[EventType "swiss"]
[EventRounds "9"]
[EventCountry "GER"]
[WhiteTeam "Villingen SK"]
[BlackTeam "Witten SG"]

1. d4 e6 2. c4 d5 3. e3 Nf6 4. Nf3 Be7 5. Nc3 c6 6. b3 O-O 7. Bb2 Re8 8. Be2
Nbd7 9. Qc2 Nf8 10. O-O N6d7 11. cxd5 exd5 12. Rac1 Bd6 13. Bd3 Nf6 14. h3 Bd7
15. Bf5 Rc8 16. Bxd7 Qxd7 17. Nb1 Ne4 18. Nbd2 Ng6 19. a3 Bb8 20. b4 Qc7 21.
Rfe1 Re6 22. Nf1 b5 23. Re2 f6 24. Ne1 Rce8 25. Nd3 Nh4 26. Nf4 Rd6 27. g3 Nf3+
28. Kg2 Nfg5 29. h4 Ne6 30. f3 Nxf4+ 31. exf4 f5 32. fxe4 fxe4 33. Re3 Rf8 34.
Kf2 Qd7 35. Ke1 Rdf6 36. Kd2 h6 37. Re2 g5 38. hxg5 hxg5 39. Rce1 gxf4 40. gxf4
Bxf4+ 41. Ne3 Qh3 42. Kd1 Kf7 43. Bc1 Rg8 44. Qc5 Qd7 45. Rf1 Bd6 46. Rxf6+
Kxf6 47. Rf2+ Ke6 48. Qc2 Qg7 49. Qd2 Qh6 50. Kc2 Bf4 51. Qe2 Rg3 52. Rxf4 Qxf4
53. Nf1 Qf3 54. Nxg3 Qxg3 55. Qe3 Qg2+ 56. Kc3 Kd7 57. Qg5 Qa2 58. Qg7+ Kc8 59.
Qg4+ Kb7 60. Qd7+ Kb6 1/2-1/2

[Event "Hessen Senioren-ch 2012  8th"]
[Site "Bad Sooden-Adf. (14.4.-22.4)"]
[Date "2012.04.22"]
[Round "9.48"]
[White "Reimann, Guenther"]
[Black "Schiller, Hans(42)"]
[Result "1/2-1/2"]
[WhiteElo "1779"]
[BlackElo "1611"]
[PlyCount "30"]
[EventDate "2012.04.??"]
[EventType "swiss"]
[EventRounds "9"]
[EventCountry "GER"]
[WhiteTeam "Magstadt SC"]
[BlackTeam "Bad Lausick Sfr."]

1. c4 c6 2. d4 d5 3. e3 Nf6 4. Nc3 e6 5. a3 Nbd7 6. Nf3 Be7 7. Bd3 O-O 8. O-O
a6 9. b3 dxc4 10. bxc4 b5 11. Qc2 bxc4 12. Bxc4 c5 13. Rd1 Qc7 14. d5 Nb6 15.
Ba2 exd5 1/2-1/2

[Event "Hessen Senioren-ch 2012  8th"]
[Site "Bad Sooden-Adf. (14.4.-22.4)"]
[Date "2012.04.22"]
[Round "9.49"]
[White "Kluger, Hans-Peter"]
[Black "Meyer, Walter(34)"]
[Result "1-0"]
[WhiteElo "1746"]
[BlackElo "1591"]
[PlyCount "79"]
[EventDate "2012.04.??"]
[EventType "swiss"]
[EventRounds "9"]
[EventCountry "GER"]
[WhiteTeam "Fallersleben SF"]
[BlackTeam "Hennef 1927 SV"]

1. e4 c5 2. Nf3 d6 3. d4 cxd4 4. Nxd4 Nf6 5. Nc3 g6 6. g3 Bg7 7. Bg2 O-O 8. O-O
a6 9. Bg5 Qb6 10. Nb3 Nc6 11. Bxf6 Bxf6 12. Nd5 Qd8 13. Nxf6+ exf6 14. Qd2 f5
15. Rad1 fxe4 16. Bxe4 Ne5 17. Qxd6 Qxd6 18. Rxd6 Nc4 19. Rd4 Ne5 20. f4 Ng4
21. h3 Ne3 22. Rf3 Nf5 23. Rb4 Rb8 24. Rd3 Re8 25. g4 Ng7 26. Na5 b5 27. Kf2
Ne6 28. Rf3 Nc5 29. Bc6 Rd8 30. Rc3 Nb7 31. Nb3 Nd6 32. Rd3 Bb7 33. Na5 Kf8 34.
Rbd4 Bxc6 35. Nxc6 Ne4+ 36. Rxe4 Rxd3 37. cxd3 Rc8 38. Nd4 Rc1 39. Re1 Rc8 40.
Ke3 1-0

[Event "Hessen Senioren-ch 2012  8th"]
[Site "Bad Sooden-Adf. (14.4.-22.4)"]
[Date "2012.04.22"]
[Round "9.50"]
[White "Fromme, Werner"]
[Black "Ripoll, Luis"]
[Result "0-1"]
[WhiteElo "1653"]
[BlackElo "1813"]
[PlyCount "106"]
[EventDate "2012.04.??"]
[EventType "swiss"]
[EventRounds "9"]
[EventCountry "GER"]
[WhiteTeam "Witten SG"]
[BlackTeam "Lister Turm SK"]

1. d4 Nf6 2. Nf3 g6 3. c4 Bg7 4. Nc3 O-O 5. e4 d6 6. h3 e5 7. d5 Nbd7 8. Bd3
Nc5 9. Bc2 a5 10. Be3 b6 11. Qd2 Ne8 12. Nh2 f5 13. exf5 gxf5 14. Bg5 Bf6 15.
Nf3 e4 16. Bxf6 Qxf6 17. Qg5+ Qxg5 18. Nxg5 h6 19. Ne6 Nxe6 20. dxe6 Bxe6 21.
b3 Nf6 22. Rd1 Bd7 23. a4 Bc6 24. O-O Rae8 25. Rfe1 Rf7 26. Kh2 Rfe7 27. Ne2
Kg7 28. Nf4 Re5 29. Re3 Kf7 30. Rd2 Rg8 31. Bd1 Ke7 32. Be2 Be8 33. Bd1 Bf7 34.
Be2 h5 35. Bd1 h4 36. Be2 Nd7 37. Bd1 Nc5 38. Be2 c6 39. Bd1 Ne6 40. Nxe6 Bxe6
41. Bc2 d5 42. f4 Kf6 43. fxe5+ Kxe5 44. cxd5 cxd5 45. Rc3 d4 46. Rc6 Bd5 47.
Rxb6 e3 48. Re2 Be4 49. Rb5+ Kf4 50. Bxe4 Kxe4 51. Rxa5 d3 52. Re5+ Kxe5 53.
Rxe3+ Kd4 0-1

[Event "Hessen Senioren-ch 2012  8th"]
[Site "Bad Sooden-Adf. (14.4.-22.4)"]
[Date "2012.04.22"]
[Round "9.51"]
[White "Viererbe, Hartmut"]
[Black "Burckhardt, Karl"]
[Result "1-0"]
[WhiteElo "1607"]
[BlackElo "1725"]
[PlyCount "53"]
[EventDate "2012.04.??"]
[EventType "swiss"]
[EventRounds "9"]
[EventCountry "GER"]
[WhiteTeam "Nordhausen 51 SC"]
[BlackTeam "Fulda SC"]

1. Nf3 f5 2. d4 Nf6 3. c4 e6 4. Bg5 Bb4+ 5. Nc3 O-O 6. Qc2 h6 7. Bxf6 Qxf6 8.
a3 Bxc3+ 9. Qxc3 c5 10. e3 cxd4 11. exd4 d5 12. c5 Nc6 13. b4 a6 14. b5 axb5
15. Bxb5 Bd7 16. O-O g5 17. Bxc6 Bxc6 18. Ne5 Rfc8 19. Rfb1 Ra7 20. Rb6 Qe7 21.
Qh3 Kg7 22. g4 f4 23. Qd3 Be8 24. Re1 Ra6 25. Rxa6 bxa6 26. Qxa6 Kf6 27. Qxc8
1-0

[Event "Hessen Senioren-ch 2012  8th"]
[Site "Bad Sooden-Adf. (14.4.-22.4)"]
[Date "2012.04.22"]
[Round "9.52"]
[White "Heimberg, Guenter"]
[Black "Rollwitz, Juergen"]
[Result "1/2-1/2"]
[WhiteElo "1658"]
[BlackElo "1755"]
[PlyCount "77"]
[EventDate "2012.04.??"]
[EventType "swiss"]
[EventRounds "9"]
[EventCountry "GER"]
[WhiteTeam "Wennigsen SK"]
[BlackTeam "Berlin Wedding SG"]

1. c4 d6 2. Nc3 c6 3. e4 Nf6 4. g3 g6 5. Bg2 Bg7 6. Nge2 Qc7 7. O-O e5 8. d3
O-O 9. h3 b6 10. Be3 Nbd7 11. Qd2 Bb7 12. f3 a6 13. Rac1 Rac8 14. b3 Qd8 15.
Bg5 Qe8 16. h4 d5 17. Bh3 d4 18. Nd1 c5 19. Nf2 Ra8 20. Ng4 h5 21. Nh2 Kh7 22.
f4 Bc8 23. Rf2 Ng8 24. fxe5 Nxe5 25. Bxc8 Rxc8 26. Rcf1 Nh6 27. Bf6 Nhg4 28.
Bxe5 Nxe5 29. Qd1 Rc6 30. Kg2 Qe7 31. Nf4 Rf6 32. Nd5 Rxf2+ 33. Rxf2 Qd8 34.
Qf1 f6 35. Nf4 Qd7 36. Nd5 Qd8 37. Nf4 Qd7 38. Nd5 Qd8 39. Nf4 1/2-1/2

[Event "Hessen Senioren-ch 2012  8th"]
[Site "Bad Sooden-Adf. (14.4.-22.4)"]
[Date "2012.04.22"]
[Round "9.53"]
[White "Draxler, Gottfried"]
[Black "Auerswald, Gottfried Dr"]
[Result "1/2-1/2"]
[WhiteElo "1697"]
[BlackElo "1499"]
[PlyCount "95"]
[EventDate "2012.04.??"]
[EventType "swiss"]
[EventRounds "9"]
[EventCountry "GER"]
[WhiteTeam "Neuberg Sfr."]
[BlackTeam "Dingelstädt SK"]

1. d4 Nf6 2. c4 e5 3. d5 Bc5 4. e3 d6 5. Nc3 O-O 6. Bd3 c6 7. a3 a5 8. h3 Bd7
9. Nge2 Re8 10. Ng3 cxd5 11. cxd5 Na6 12. O-O Nc7 13. e4 Na6 14. Qe2 Nc7 15. b3
Rb8 16. a4 Bd4 17. Bb2 Qc8 18. Kh2 b6 19. Rfc1 Bc5 20. f3 Qb7 21. Bb5 Bxb5 22.
Nxb5 Nxb5 23. Qxb5 Rec8 24. Nf1 Qd7 25. Qxd7 Nxd7 26. Bc3 Rc7 27. Bd2 Rbc8 28.
Rab1 Kf8 29. Be3 Ke7 30. h4 h5 31. Kh3 g6 32. Rc2 Bxe3 33. Rxc7 Rxc7 34. Nxe3
Rc3 35. Nd1 Rc5 36. b4 axb4 37. Rxb4 Rc8 38. Ne3 Rb8 39. Nc4 f5 40. g3 fxe4 41.
fxe4 Nc5 42. Nxb6 Nxe4 43. Nc8+ Rxc8 44. Rxe4 Rc5 45. Rb4 Rxd5 46. Rb7+ Kd8 47.
Ra7 e4 48. Kg2 1/2-1/2

[Event "Hessen Senioren-ch 2012  8th"]
[Site "Bad Sooden-Adf. (14.4.-22.4)"]
[Date "2012.04.22"]
[Round "9.54"]
[White "Berger, Volkmar"]
[Black "Wulf, Adalbert"]
[Result "0-1"]
[WhiteElo "1648"]
[BlackElo "1751"]
[PlyCount "128"]
[EventDate "2012.04.??"]
[EventType "swiss"]
[EventRounds "9"]
[EventCountry "GER"]
[WhiteTeam "Cottbus Senioren SC"]
[BlackTeam "Ennigerloh-Oelde SV"]

1. d4 Nf6 2. Nf3 g6 3. Nc3 d5 4. Bf4 c6 5. e3 Bg7 6. h3 O-O 7. Bd3 Nh5 8. Bh2
Nd7 9. Qe2 b5 10. a3 a5 11. e4 dxe4 12. Nxe4 Qb6 13. c3 Bb7 14. O-O Rfe8 15. b4
Nhf6 16. Ne5 Rad8 17. Qf3 Nxe5 18. Bxe5 Nxe4 19. Qxe4 f6 20. Bf4 e6 21. Be3 c5
22. Qg4 cxd4 23. Bxd4 Qc6 24. Rfe1 f5 25. Qf3 Qxf3 26. gxf3 Bc6 27. Re3 Bxd4
28. cxd4 axb4 29. axb4 Rxd4 30. Rc1 Rd6 31. Be2 Rb8 32. Rc5 h6 33. f4 Kf7 34.
h4 h5 35. Rec3 Rb6 36. Ra3 Ke7 37. Ra7+ Rd7 38. Rxd7+ Kxd7 39. Kf1 Kd6 40. Ke1
Rb8 41. Kf1 Ra8 42. f3 Ra3 43. Rc2 Rb3 44. Rd2+ Ke7 45. Rd4 Bxf3 46. Bxb5 Bd5
47. Bd3 Rb2 48. Kg1 Rd2 49. b5 Be4 50. b6 Bxd3 51. b7 Rb2 52. Rxd3 Rxb7 53. Kf2
Rb5 54. Re3 Kf6 55. Ra3 Rd5 56. Ra6 Ke7 57. Ra7+ Rd7 58. Ra5 Rd4 59. Kf3 Rd3+
60. Kg2 Re3 61. Re5 Rxe5 62. fxe5 Kd7 63. Kf3 Kc6 64. Kf4 Kd5 0-1

[Event "Hessen Senioren-ch 2012  8th"]
[Site "Bad Sooden-Adf. (14.4.-22.4)"]
[Date "2012.04.22"]
[Round "9.55"]
[White "Pajcin, Jovan"]
[Black "Schumacher, Ursula"]
[Result "1-0"]
[WhiteElo "1675"]
[BlackElo "1446"]
[PlyCount "63"]
[EventDate "2012.04.??"]
[EventType "swiss"]
[EventRounds "9"]
[EventCountry "GER"]
[WhiteTeam "Leiden Philidor"]
[BlackTeam "Bad Neuenahr SC"]

1. e4 c6 2. Nf3 d5 3. e5 Bf5 4. d4 e6 5. c4 Nd7 6. Nc3 Ne7 7. c5 b6 8. b4 bxc5
9. bxc5 h6 10. Be2 Bh7 11. O-O Rb8 12. a4 a5 13. Kh1 Ng6 14. Bd3 Be7 15. Qc2
O-O 16. Ne2 Re8 17. Nf4 Ngf8 18. Bd2 Bxd3 19. Qxd3 Nh7 20. Qc3 Ng5 21. Qxa5
Nxf3 22. gxf3 Rb3 23. Qxd8 Rxd8 24. a5 Ra8 25. Rab1 Rxb1 26. Rxb1 Nb8 27. Nd3
Bd8 28. Kg1 Kf8 29. Rb7 Bxa5 30. Bxa5 Rxa5 31. Rxb8+ Ke7 32. Rb7+ 1-0

[Event "Hessen Senioren-ch 2012  8th"]
[Site "Bad Sooden-Adf. (14.4.-22.4)"]
[Date "2012.04.22"]
[Round "9.56"]
[White "Otto, Klaus(41)"]
[Black "Wieprecht, Gerhard"]
[Result "1/2-1/2"]
[WhiteElo "1577"]
[BlackElo "1717"]
[PlyCount "133"]
[EventDate "2012.04.??"]
[EventType "swiss"]
[EventRounds "9"]
[EventCountry "GER"]
[WhiteTeam "Triebes Thüringer SV"]
[BlackTeam "Kassel CAISSA SV"]

1. e4 c5 2. Nf3 Nc6 3. d4 cxd4 4. Nxd4 Nf6 5. Nc3 d6 6. Be2 g6 7. Be3 Bg7 8. f3
O-O 9. Qd2 Nxd4 10. Bxd4 Be6 11. O-O a6 12. Rfd1 Qc7 13. Be3 Rac8 14. a3 b5 15.
Bh6 Rfd8 16. Bxg7 Kxg7 17. Qd4 Qc5 18. g4 Qxd4+ 19. Rxd4 Kf8 20. Rad1 Ke8 21.
a4 Bc4 22. Bxc4 bxc4 23. Nb1 Rb8 24. Rxc4 Rxb2 25. Nd2 Rdb8 26. Nb3 Nd7 27. Rc6
Ne5 28. Rc3 Rb4 29. a5 Rc4 30. Rxc4 Nxc4 31. Rc1 Ra2 32. Kf1 Nxa5 33. Ra1 Rxa1+
34. Nxa1 Kd7 35. Ke2 Kc6 36. Kd3 Kc5 37. f4 e6 38. h4 Kb4 39. c3+ Kc5 40. Nc2
Nb3 41. Na3 a5 42. Kc2 a4 43. Kd3 d5 44. Nc2 dxe4+ 45. Kxe4 Kc4 46. f5 Kxc3 47.
Na3 Nc5+ 48. Ke5 gxf5 49. gxf5 Nd3+ 50. Ke4 e5 51. f6 Kb3 52. Nb1 Kb2 53. Nd2
Kc2 54. Nc4 Kc3 55. Na3 Kb3 56. Nb1 a3 57. Nxa3 Kxa3 58. Kxd3 Kb4 59. Ke4 Kc4
60. Kxe5 Kc5 61. Kf5 Kd5 62. Kg5 Ke5 63. h5 Ke6 64. Kh6 Kxf6 65. Kxh7 Kg5 66.
Kg7 Kxh5 67. Kxf7 1/2-1/2

[Event "Hessen Senioren-ch 2012  8th"]
[Site "Bad Sooden-Adf. (14.4.-22.4)"]
[Date "2012.04.22"]
[Round "9.57"]
[White "Brahn, Helmut"]
[Black "Aepfler, Gerhard"]
[Result "1-0"]
[WhiteElo "1591"]
[BlackElo "1673"]
[PlyCount "63"]
[EventDate "2012.04.??"]
[EventType "swiss"]
[EventRounds "9"]
[EventCountry "GER"]
[WhiteTeam "Burghaun SG"]
[BlackTeam "Apolda TSG"]

1. c4 e5 2. d3 Nc6 3. Nf3 Nf6 4. e3 d5 5. cxd5 Nxd5 6. Bd2 Be7 7. a3 O-O 8. Be2
f5 9. Nc3 Nxc3 10. Bxc3 Bf6 11. O-O Be6 12. Qc2 Qe7 13. b4 a6 14. Rac1 g5 15.
d4 e4 16. Ne5 Bxe5 17. dxe5 Qg7 18. Bb2 Rac8 19. Qc5 Rfd8 20. Rfd1 Qf7 21. Bxa6
bxa6 22. Qxc6 Bb3 23. Rxd8+ Rxd8 24. g3 Qh5 25. Qxa6 Rd1+ 26. Rxd1 Qxd1+ 27.
Qf1 Qc2 28. Qc1 Qd3 29. Qf1 Qc2 30. Qa1 Qe2 31. e6 Bxe6 32. Bh8 1-0

[Event "Hessen Senioren-ch 2012  8th"]
[Site "Bad Sooden-Adf. (14.4.-22.4)"]
[Date "2012.04.22"]
[Round "9.58"]
[White "Schmieder, Wolfgang"]
[Black "Rehder, Frank"]
[Result "0-1"]
[WhiteElo "1551"]
[BlackElo "1705"]
[PlyCount "62"]
[EventDate "2012.04.??"]
[EventType "swiss"]
[EventRounds "9"]
[EventCountry "GER"]
[WhiteTeam "Kassel SVH"]
[BlackTeam "Berlin Zugzwang 95 SC"]

1. c4 e5 2. Nc3 Nc6 3. g3 Nf6 4. Bg2 g6 5. Nf3 d6 6. d4 exd4 7. Nxd4 Ne5 8. b3
Bg7 9. Bb2 c6 10. f4 Ned7 11. Nxc6 bxc6 12. Bxc6 Rb8 13. Qxd6 Rb6 14. O-O-O
Rxc6 15. Qxc6 O-O 16. e4 Ng4 17. Rd2 Qa5 18. Rd5 Qb4 19. Rb5 Qe7 20. e5 Nb6 21.
Rd1 Bb7 22. Qd6 Qe8 23. Ra5 Ne3 24. Rxa7 Nxd1 25. Qxb6 Nxb2 26. Qxb7 Nd3+ 27.
Kb1 Nxe5 28. Ne4 Nc6 29. Ra6 Qxe4+ 30. Kc1 Qh1+ 31. Kd2 Rd8+ 0-1

[Event "Hessen Senioren-ch 2012  8th"]
[Site "Bad Sooden-Adf. (14.4.-22.4)"]
[Date "2012.04.22"]
[Round "9.59"]
[White "Von Janta, Lothar"]
[Black "Hielscher, Klaus-Wieprecht"]
[Result "1/2-1/2"]
[WhiteElo "1656"]
[BlackElo "1545"]
[PlyCount "71"]
[EventDate "2012.04.??"]
[EventType "swiss"]
[EventRounds "9"]
[EventCountry "GER"]
[WhiteTeam "Berenbostel SV"]
[BlackTeam "Braunschweiger SF"]

1. c4 c5 2. Nc3 e6 3. Nf3 Nc6 4. e3 b6 5. d4 cxd4 6. Nxd4 Bb7 7. b3 a6 8. Bb2
Nf6 9. Rc1 Be7 10. Nf3 O-O 11. Bd3 Qc7 12. Bb1 d6 13. O-O Ne5 14. Nd4 Rac8 15.
h3 Qb8 16. f4 Ned7 17. g4 Nc5 18. g5 Nfe4 19. Nce2 d5 20. b4 Nd7 21. cxd5 Bxd5
22. Bxe4 Rxc1 23. Nxc1 Bxe4 24. Nxe6 fxe6 25. Qxd7 Qb7 26. Qxe6+ Kh8 27. Qe5
Bxb4 28. Rf2 Bc5 29. Bd4 Bxd4 30. Qxd4 Qc6 31. Nb3 Re8 32. Rd2 Qe6 33. Kh2 h6
34. Qd6 hxg5 35. fxg5 Qxd6+ 36. Rxd6 1/2-1/2

[Event "Hessen Senioren-ch 2012  8th"]
[Site "Bad Sooden-Adf. (14.4.-22.4)"]
[Date "2012.04.22"]
[Round "9.60"]
[White "Schneider, Miloca"]
[Black "Wilfert, Eva-Maria"]
[Result "1-0"]
[WhiteElo "1706"]
[BlackElo "1469"]
[PlyCount "49"]
[EventDate "2012.04.??"]
[EventType "swiss"]
[EventRounds "9"]
[EventCountry "GER"]
[WhiteTeam "Witten SG"]
[BlackTeam "Hof PTSV SK"]

1. d4 d5 2. Nf3 Nf6 3. c4 e6 4. Bg5 Be7 5. Nc3 b6 6. Bxf6 Bxf6 7. cxd5 exd5 8.
e3 O-O 9. h3 Bb7 10. Bd3 Nd7 11. O-O a6 12. Rc1 Rc8 13. a4 c5 14. Qe2 c4 15.
Bb1 Bc6 16. e4 dxe4 17. Nxe4 Bxa4 18. Nd6 Rc7 19. Rxc4 Rxc4 20. Qxc4 Nb8 21.
Nxf7 Rxf7 22. Qxa4 Re7 23. Rc1 Rc7 24. Rxc7 Qxc7 25. Qe8# 1-0

[Event "Hessen Senioren-ch 2012  8th"]
[Site "Bad Sooden-Adf. (14.4.-22.4)"]
[Date "2012.04.22"]
[Round "9.61"]
[White "Straschnej, Paul"]
[Black "Fleischer, Martin"]
[Result "1-0"]
[WhiteElo "1538"]
[BlackElo "1758"]
[PlyCount "93"]
[EventDate "2012.04.??"]
[EventType "swiss"]
[EventRounds "9"]
[EventCountry "GER"]
[WhiteTeam "Bad Emstal Sfr."]
[BlackTeam "Schwerin Einheit SV"]

1. d4 d5 2. c4 dxc4 3. e3 Nf6 4. Nc3 e6 5. Bxc4 a6 6. a3 b5 7. Be2 Bb7 8. Bf3
c6 9. Nge2 Nbd7 10. O-O Bd6 11. b4 Rc8 12. e4 Bb8 13. Bg5 h6 14. Bxf6 Nxf6 15.
Qb3 Qc7 16. e5 Nd5 17. Rac1 Qe7 18. Ne4 O-O 19. Nc5 f6 20. Bg4 f5 21. Bf3 g5
22. h3 Kg7 23. Ng3 Kh8 24. Nh5 Ba7 25. Bxd5 cxd5 26. Nf6 Bxc5 27. bxc5 Bc6 28.
Qe3 Be8 29. h4 Qg7 30. hxg5 Qxg5 31. f4 Qg6 32. Rf3 h5 33. Rh3 Qh6 34. Kf2 Rxf6
35. exf6 Qxf6 36. Rch1 Rc7 37. Ke2 Rg7 38. Qf2 Rg4 39. c6 Qe7 40. Qe3 Rxg2+ 41.
Kf3 Rg7 42. Kf2 Qc7 43. Rxh5+ Bxh5 44. Rxh5+ Kg8 45. Qxe6+ Qf7 46. Qc8+ Qf8 47.
Rh8+ 1-0

[Event "Hessen Senioren-ch 2012  8th"]
[Site "Bad Sooden-Adf. (14.4.-22.4)"]
[Date "2012.04.22"]
[Round "9.62"]
[White "Fuchs, Manfred(38)"]
[Black "Scholze, Roland"]
[Result "1/2-1/2"]
[WhiteElo "1523"]
[BlackElo "1630"]
[PlyCount "57"]
[EventDate "2012.04.??"]
[EventType "swiss"]
[EventRounds "9"]
[EventCountry "GER"]
[WhiteTeam "Erkrath 1973 SC"]
[BlackTeam "Dresden Lok SV"]

1. d4 Nf6 2. c4 g6 3. g3 Bg7 4. Nc3 O-O 5. Bg2 d6 6. e3 Nbd7 7. Nge2 e5 8. O-O
a6 9. Re1 c6 10. b3 exd4 11. exd4 Nb6 12. Be3 d5 13. c5 Nbd7 14. Qd2 Re8 15.
Bh3 Ne4 16. Nxe4 Rxe4 17. Nc3 Re8 18. Na4 f5 19. Bf4 b5 20. Rxe8+ Qxe8 21. Re1
Qf7 22. Nb2 a5 23. Nd3 Bxd4 24. Ne5 Bxe5 25. Bxe5 Nxe5 26. Rxe5 b4 27. Qe3 Ba6
28. Re6 Bb5 29. Bf1 1/2-1/2

[Event "Hessen Senioren-ch 2012  8th"]
[Site "Bad Sooden-Adf. (14.4.-22.4)"]
[Date "2012.04.22"]
[Round "9.63"]
[White "Schuetze, Manfred(41)"]
[Black "Krueger, Bernhard"]
[Result "1-0"]
[WhiteElo "1633"]
[BlackElo "1530"]
[PlyCount "89"]
[EventDate "2012.04.??"]
[EventType "swiss"]
[EventRounds "9"]
[EventCountry "GER"]
[WhiteTeam "Gräfenhainichen VfL"]
[BlackTeam "Grunbach SC"]

1. e4 d5 2. exd5 Qxd5 3. Nc3 Qd6 4. d4 a6 5. Nf3 Bf5 6. Bc4 Nd7 7. Be3 Ngf6 8.
Bb3 e6 9. h3 h6 10. Qd2 Qc6 11. d5 Qd6 12. Nd4 Ne5 13. dxe6 Bxe6 14. Nxe6 Qxd2+
15. Bxd2 fxe6 16. Bxe6 Rd8 17. O-O-O Bd6 18. Rhe1 Ke7 19. Bb3 Kd7 20. Ne4 Nxe4
21. Rxe4 Rhe8 22. Bc3 Kc8 23. f4 Nc6 24. Rde1 Rxe4 25. Rxe4 Bf8 26. f5 Be7 27.
h4 Kb8 28. Bxg7 Rd6 29. Be6 Nd8 30. Bxh6 Nxe6 31. fxe6 Bxh4 32. Rxh4 Rxe6 33.
Bf4 Re7 34. g3 Kc8 35. Rh5 c6 36. Re5 Rxe5 37. Bxe5 Kd7 38. Kd2 b5 39. Kd3 c5
40. Ke4 a5 41. Bg7 a4 42. g4 b4 43. g5 c4 44. Kd4 c3 45. bxc3 1-0